000 00230nam a2200097Ia 4500
008 240331s9999 xx 000 0 und d
082 _bHIN
100 _aPathmanathan, S. ed
245 0 _aHindu encycclopaedia volume -VIII
942 _cL
999 _c3875
_d3875